000 00596nam a2200193Ia 4500
008 151119s9999||||xx |||||||||||||| ||und||
082 _a928.9146
082 _bGKKV7332
100 _aदातार वामनशास्त्री
245 _aप्रास्ताविक
260 _a--
260 _b--
260 _c0
600 _aदातार वामनशास्त्री
630 _aप्रास्ताविक
700 _aदातार वामनशास्त्री
730 _aप्रास्ताविक
942 _cBOOK
999 _c1062018
_d1062015